Sports Quiz

Random Sports or NFL Quiz

Top 20 NFL Wide Receivers 2010-2011 Quiz Stats

 Plays Quiz not verified by Sporcle

Challenge
Share
Tweet
Embed
Score 0/20 Timer 04:00
0 Plays Today
Team % Correct
LionsCalvin Johnson
98%
TexansAndre Johnson
97.4%
ColtsReggie Wayne
95.4%
EaglesDeSean Jackson
95.2%
BillsSteve Johnson
95.2%
FalconsRoddy White
94.1%
CardinalsLarry Fitzgerald
93.9%
PackersGreg Jennings
93.5%
ChiefsDwayne Bowe
91.5%
CowboysMiles Austin
90.3%
Team % Correct
SteelersMike Wallace
89.1%
GiantsHakeem Nicks
88.3%
SaintsMarques Colston
88.1%
RedskinsSantana Moss
86.9%
EaglesJeremy Maclin
86.3%
VikingsPercy Harvin
83.4%
BengalsTerrell Owens
82%
BroncosBrandon Lloyd
78.8%
GiantsMario Manningham
77%
BuccaneersMike Williams
74.5%

You're not logged in!

Compare scores with friends on all Sporcle quizzes.
OR
Log In

You Might Also Like...

Show Comments

Extras

Created Dec 29, 2010ReportNominate
Tags:NFL Quiz, receiver, team, Top 20, wide

Top Quizzes Today


Score Distribution

Your Account Isn't Verified!

In order to create a playlist on Sporcle, you need to verify the email address you used during registration. Go to your Sporcle Settings to finish the process.

Report this User

Report this user for behavior that violates our Community Guidelines.

Details: